Applied Demograpphy: (Record no. 4535)

000 -LEADER
fixed length control field 00468nam a22001457a 4500
008 - FIXED-LENGTH DATA ELEMENTS--GENERAL INFORMATION
fixed length control field 161108b xxu||||| |||| 00| 0 eng d
020 ## - INTERNATIONAL STANDARD BOOK NUMBER
International Standard Book Number 978-0-12-641840-8
082 ## - DEWEY DECIMAL CLASSIFICATION NUMBER
Classification number 312 SIE
100 ## - MAIN ENTRY--PERSONAL NAME
Personal name Siegel, Jacob.-
245 ## - TITLE STATEMENT
Title Applied Demograpphy:
Remainder of title Applications to Business, Government, Law, and Public Policy/
Statement of responsibility, etc. Jacob S. Siegel.-
Medium English.
260 ## - PUBLICATION, DISTRIBUTION, ETC. (IMPRINT)
Place of publication, distribution, etc. San Diego:
Name of publisher, distributor, etc. Academic Press,
Date of publication, distribution, etc. 2002.
300 ## - PHYSICAL DESCRIPTION
Extent 686p.;
Other physical details ill.;
Dimensions 26cm.-
650 ## - SUBJECT ADDED ENTRY--TOPICAL TERM
Source of heading or term Demography
942 ## - ADDED ENTRY ELEMENTS (KOHA)
Source of classification or shelving scheme
Koha item type BOOKS

No items available.

IRDP © 2019 :: Managed by IRDP ICT Unit